[Event "Novorossiysk Small Land Rapid op"]
[Site "Novorossiysk"]
[Date "2023.07.27"]
[Round "7"]
[White "Tarasenko, Iaroslav"]
[Black "Potapova, Margarita"]
[Result "1/2-1/2"]
[WhiteElo "2063"]
[BlackElo "2100"]
[PlyCount "58"]
[EventDate "2023.07.26"]
[EventType "swiss (rapid)"]
[EventRounds "11"]
[EventCountry "RUS"]
[SourceTitle "CBM 215 Extra"]
[Source "ChessBase"]
[SourceDate "2023.09.30"]
[SourceVersion "1"]
[SourceVersionDate "2023.09.30"]
[SourceQuality "1"]

1. e4 c5 2. Nf3 d6 3. d4 cxd4 4. Nxd4 Nf6 5. f3 Nc6 6. c4 e6 7. Nc3 Be7 8. Be2 0-0 9. Be3 d5 10. exd5 exd5 11. Nxc6 bxc6 12. cxd5 Nxd5 13. Nxd5 cxd5 14. 0-0 Be6 15. Bd4 Bf6 16. Rc1 a5 17. b3 h6 18. f4 Bf5 19. Bxf6 Qxf6 20. Qxd5 a4 21. Qe5 Qg6 22. Bf3 Rae8 23. Qc3 axb3 24. axb3 Rb8 25. Kh1 Qd6 26. Qc5 Qxc5 27. Rxc5 Be6 28. Bd5 Bxd5 29. Rxd5 Rxb3 1/2-1/2

[Event "Novorossiysk Small Land Rapid op"]
[Site "Novorossiysk"]
[Date "2023.07.27"]
[Round "4"]
[White "Vastrukhin, Oleg"]
[Black "Tarasenko, Iaroslav"]
[Result "0-1"]
[WhiteElo "2343"]
[BlackElo "2063"]
[PlyCount "68"]
[EventDate "2023.07.26"]
[EventType "swiss (rapid)"]
[EventRounds "11"]
[EventCountry "RUS"]
[SourceTitle "CBM 215 Extra"]
[Source "ChessBase"]
[SourceDate "2023.09.30"]
[SourceVersion "1"]
[SourceVersionDate "2023.09.30"]
[SourceQuality "1"]

1. Nf3 Nf6 2. g3 d5 3. Bg2 e6 4. 0-0 Be7 5. d3 c5 6. Nbd2 Nc6 7. e4 0-0 8. Re1 h6 9. exd5 exd5 10. d4 Bg4 11. h3 Bh5 12. dxc5 Bxc5 13. Nb3 Bb6 14. Be3 d4 15. Bxd4 Bxf3 16. Bxf3 Nxd4 17. Nxd4 Bxd4 18. c3 Bb6 19. Bxb7 Bxf2+ 20. Kxf2 Qb6+ 21. Qd4 Qxb2+ 22. Re2 Qxa1 23. Bxa8 Rxa8 24. g4 Qh1 25. Kg3 Qd5 26. Qxd5 Nxd5 27. c4 Nc3 28. Rc2 Ne4+ 29. Kf4 Nc5 30. Ke5 Rd8 31. h4 f6+ 32. Kf5 Kf7 33. h5 Rd4 34. Rc3 Nd3 0-1

[Event "Novorossiysk Small Land op"]
[Site "Novorossiysk"]
[Date "2023.07.24"]
[Round "8"]
[White "Tarasenko, Iaroslav"]
[Black "Kirdyashkina, Ekaterina"]
[Result "1-0"]
[WhiteElo "2063"]
[BlackElo "1851"]
[PlyCount "135"]
[EventDate "2023.07.17"]
[EventType "swiss"]
[EventRounds "9"]
[EventCountry "RUS"]
[SourceTitle "CBM 215 Extra"]
[Source "ChessBase"]
[SourceDate "2023.09.30"]
[SourceVersion "1"]
[SourceVersionDate "2023.09.30"]
[SourceQuality "1"]

1. e4 e5 2. Nf3 Nc6 3. Bb5 a6 4. Ba4 Bc5 5. 0-0 Nge7 6. c3 Ng6 7. d4 Ba7 8. Bg5 f6 9. Be3 0-0 10. Nbd2 d6 11. Qc2 Kh8 12. Rfe1 Bd7 13. a3 Nce7 14. Bb3 f5 15. dxe5 Bxe3 16. Rxe3 Nxe5 17. Nxe5 dxe5 18. Nf3 Ng6 19. Rd1 Qe7 20. Qd2 f4 21. Rd3 Bg4 22. Rf1 Bxf3 23. Rxf3 Rad8 24. Rd3 Qg5 25. Bd1 Rxd3 26. Qxd3 Rd8 27. Qh3 Qf6 28. Bh5 Ne7 29. Rd1 Rd6 30. Rd3 c5 31. Be2 g6 32. Rxd6 Qxd6 33. Qd3 Nc8 34. Qxd6 Nxd6 35. f3 c4 36. Bd1 b5 37. a4 Nc8 38. axb5 axb5 39. b3 Nb6 40. bxc4 Nxc4 41. Be2 Nd6 42. Kf2 Kg7 43. Ke1 Kf6 44. Kd2 g5 45. Kc2 Ke6 46. Kb3 Kd7 47. Kb4 Kc6 48. h3 h5 49. Bf1 Kb6 50. Be2 g4 51. hxg4 hxg4 52. fxg4 Nxe4 53. Bxb5 Nf6 54. Be2 Kc6 55. g5 Nd5+ 56. Kc4 Kd6 57. Bf3 Ne3+ 58. Kd3 Nf5 59. c4 Nd4 60. Bd5 Nf5 61. g6 Ke7 62. c5 Kf6 63. c6 Nd6 64. Be4 Nb5 65. Kc4 Nd6+ 66. Kd5 Ne8 67. Kc5 Ke6 68. Kb6 1-0

[Event "Cheliabinsk Lozovatsky Memorial-A"]
[Site "Cheliabinsk"]
[Date "2023.01.28"]
[Round "2"]
[White "Tarasenko, Iaroslav"]
[Black "Ovod, Evgenija"]
[Result "0-1"]
[WhiteElo "2144"]
[BlackElo "2323"]
[PlyCount "78"]
[EventDate "2023.01.27"]
[EventType "swiss"]
[EventRounds "10"]
[EventCountry "RUS"]
[SourceTitle "CBM 212 Extra"]
[Source "ChessBase"]
[SourceDate "2023.03.31"]
[SourceVersion "1"]
[SourceVersionDate "2023.03.31"]
[SourceQuality "1"]

1. e4 e5 2. Nf3 Nc6 3. Bb5 Nf6 4. d3 Bc5 5. Bxc6 dxc6 6. 0-0 Nd7 7. c3 0-0 8. d4 exd4 9. cxd4 Be7 10. Nc3 Nb6 11. h3 Kh8 12. Be3 f5 13. exf5 Bxf5 14. Ne5 Nd5 15. Qb3 Rb8 16. Qa4 a6 17. Rad1 Bd6 18. Nxd5 cxd5 19. f4 c6 20. Bf2 Be4 21. g4 Bxe5 22. dxe5 Rxf4 23. Ba7 Qh4 24. Qa3 Rxf1+ 25. Rxf1 Rg8 26. Qe3 h5 27. g5 Re8 28. Bd4 c5 29. Bxc5 Rxe5 30. Kh2 Rxg5 31. Rf2 Rg6 32. Bd4 Kh7 33. Be5 Qg5 34. Qxg5 Rxg5 35. Bd4 Kg6 36. Be3 Rf5 37. Kg3 Rxf2 38. Kxf2 h4 39. Bd4 Kh6 0-1

[Event "Cheliabinsk Lozovatsky Memorial-A"]
[Site "Cheliabinsk"]
[Date "2023.01.27"]
[Round "1"]
[White "Pingin, Artem"]
[Black "Tarasenko, Iaroslav"]
[Result "1-0"]
[WhiteElo "2385"]
[BlackElo "2144"]
[PlyCount "81"]
[EventDate "2023.01.27"]
[EventType "swiss"]
[EventRounds "10"]
[EventCountry "RUS"]
[SourceTitle "CBM 212 Extra"]
[Source "ChessBase"]
[SourceDate "2023.03.31"]
[SourceVersion "1"]
[SourceVersionDate "2023.03.31"]
[SourceQuality "1"]

1. d4 Nf6 2. c4 e6 3. Nf3 b6 4. g3 Bb7 5. Bg2 Be7 6. 0-0 0-0 7. Nc3 Ne4 8. Qc2 Nxc3 9. Qxc3 d6 10. Qd3 f5 11. Qc3 Rf6 12. b4 Qe8 13. c5 Nd7 14. Ba3 a5 15. cxd6 Bxd6 16. b5 f4 17. Qd3 fxg3 18. hxg3 Qh5 19. Rfc1 Rf7 20. Bxd6 cxd6 21. Qa3 Qxb5 22. Qxd6 Qxe2 23. Re1 Qb5 24. Ng5 Qxg5 25. Bxb7 Raf8 26. Qxe6 Qd2 27. Rf1 Qxd4 28. Rad1 Qf6 29. Qh3 Nc5 30. Bd5 Kh8 31. Bxf7 Qxf7 32. a3 Qf3 33. Qg2 Qxa3 34. Qc6 h5 35. Qxb6 Ne4 36. Qg6 Qf3 37. Qe6 h4 38. Rd4 Rf4 39. Qc8+ Kh7 40. gxf4 Qxf4 41. Qh3 1-0

[Event "Novorossiysk Small Land Blitz"]
[Site "Novorossiysk"]
[Date "2022.07.17"]
[Round "7"]
[White "Tarasenko, Iaroslav"]
[Black "Khripachenko, Alexander"]
[Result "0-1"]
[WhiteElo "2091"]
[BlackElo "2157"]
[PlyCount "52"]
[EventDate "2022.07.17"]
[EventType "swiss (blitz)"]
[EventRounds "13"]
[EventCountry "RUS"]
[SourceTitle "CBM 209 Extra"]
[Source "ChessBase"]
[SourceDate "2022.09.30"]
[SourceVersion "1"]
[SourceVersionDate "2022.09.30"]
[SourceQuality "1"]

1. e4 c5 2. Nf3 d6 3. d4 cxd4 4. Nxd4 Nf6 5. f3 e5 6. Nb3 a5 7. Bb5+ Nc6 8. Nc3 Be7 9. Be3 0-0 10. 0-0 Be6 11. Nd5 a4 12. Bb6 Qd7 13. Nc1 Rfc8 14. c4 a3 15. b3 Bd8 16. Be3 Qe8 17. Nxf6+ Bxf6 18. Qxd6 Rd8 19. Qc5 Be7 20. Qb6 Qd7 21. Ne2 Qd3 22. Kf2 Nd4 23. Rfe1 Nc2 24. Red1 Qxe3+ 25. Qxe3 Nxe3 26. Rxd8+ Rxd8 0-1

[Event "Novorossiysk Small Land Blitz"]
[Site "Novorossiysk"]
[Date "2022.07.17"]
[Round "5"]
[White "Tarasenko, Iaroslav"]
[Black "Savitskiy, Sergey"]
[Result "1-0"]
[WhiteElo "2091"]
[BlackElo "2414"]
[PlyCount "215"]
[EventDate "2022.07.17"]
[EventType "swiss (blitz)"]
[EventRounds "13"]
[EventCountry "RUS"]
[SourceTitle "CBM 209 Extra"]
[Source "ChessBase"]
[SourceDate "2022.09.30"]
[SourceVersion "1"]
[SourceVersionDate "2022.09.30"]
[SourceQuality "1"]

1. e4 c5 2. Nf3 d6 3. d4 cxd4 4. Nxd4 Nf6 5. f3 e6 6. c4 Nc6 7. Nc3 Ne5 8. Be3 Rg8 9. Qd2 h6 10. Be2 g5 11. 0-0 a6 12. Rac1 Be7 13. Rfd1 b6 14. b4 Bb7 15. Qb2 Rc8 16. c5 d5 17. exd5 g4 18. c6 gxf3 19. Nxf3 Nfg4 20. cxb7 Rb8 21. Bf4 b5 22. Ne4 Qb6+ 23. Nc5 Bf6 24. Nxe5 Bxe5 25. Bxe5 Ne3 26. Bf3 Rxb7 27. Re1 Nc4 28. Qb3 Re7 29. d6 Ra7 30. Kh1 Rg5 31. d7+ Rxd7 32. Nxd7 Kxd7 33. Rcd1+ Ke8 34. Qd3 Nxe5 35. Qe4 Kf8 36. h4 Rf5 37. Qd4 Qxd4 38. Rxd4 Nxf3 39. gxf3 Rxf3 40. Rd6 Ra3 41. Re2 Ke7 42. Rb6 Rh3+ 43. Kg2 Rxh4 44. Rb2 f5 45. Rxa6 Re4 46. Rb6 Re5 47. Rc2 h5 48. Rc7+ Kf6 49. Rc5 Re2+ 50. Kf3 Rxa2 51. Rcxb5 Ra3+ 52. Kg2 h4 53. Ra5 h3+ 54. Kh2 Re3 55. Raa6 f4 56. Rb8 Kf5 57. b5 e5 58. b6 Rb3 59. b7 Ke4 60. Ra5 f3 61. Kxh3 Rb1 62. Kg3 Rg1+ 63. Kf2 Rg2+ 64. Kf1 Rb2 65. Re8 Rxb7 66. Raxe5+ Kf4 67. Re1 Rb2 68. Rf8+ Kg3 69. Rg8+ Kf4 70. Ra1 Rb4 71. Rh8 Kg4 72. Rg8+ Kf4 73. Rc8 Rd4 74. Rc3 Rb4 75. Rca3 Kg3 76. Ra8 Rc4 77. Rg8+ Kf4 78. Rf8+ Kg4 79. Ra3 Rc1+ 80. Kf2 Rc2+ 81. Ke3 Re2+ 82. Kd3 Re7 83. Kd4 Rd7+ 84. Kc4 Rc7+ 85. Kd4 Rd7+ 86. Ke5 Re7+ 87. Kd6 Re4 88. Rfxf3 Rb4 89. Rfd3 Kf5 90. Kc5 Rb8 91. Rd5+ Ke4 92. Ra4+ Ke3 93. Rf5 Rc8+ 94. Kd6 Rd8+ 95. Ke7 Rb8 96. Re5+ Kd3 97. Rh5 Rb7+ 98. Kf6 Rb6+ 99. Kg5 Rb5+ 100. Kg4 Rb8 101. Rh3+ Kc2 102. Ra2+ Kb1 103. Re2 Rg8+ 104. Kf5 Rf8+ 105. Kg6 Rg8+ 106. Kf7 Rg1 107. Rhe3 Rf1+ 108. Ke6 1-0

[Event "Tuapse Blitz op"]
[Site "Tuapse"]
[Date "2022.06.29"]
[Round "2"]
[White "Smirnov, Pavel"]
[Black "Tarasenko, Iaroslav"]
[Result "1-0"]
[WhiteElo "2544"]
[BlackElo "2091"]
[PlyCount "105"]
[EventDate "2022.06.29"]
[EventType "swiss (blitz)"]
[EventRounds "13"]
[EventCountry "RUS"]
[SourceTitle "CBM 209 Extra"]
[Source "ChessBase"]
[SourceDate "2022.09.30"]
[SourceVersion "1"]
[SourceVersionDate "2022.09.30"]
[SourceQuality "1"]

1. e4 c5 2. c3 Nf6 3. e5 e6 4. Nf3 d6 5. Bc4 Nd5 6. d4 cxd4 7. cxd4 Nc6 8. 0-0 Be7 9. Qc2 0-0 10. Nc3 Ndb4 11. Qe2 dxe5 12. dxe5 Nd4 13. Nxd4 Qxd4 14. Rd1 Qh4 15. Ne4 Nc6 16. g3 Qh3 17. Bf4 Qf5 18. Nd6 Bxd6 19. Rxd6 g5 20. Bd3 Qh3 21. Bxg5 Nb4 22. Be4 Nd5 23. Bg2 Qf5 24. Bh6 Re8 25. Be4 Qh3 26. Qd2 Qh5 27. Bf3 Qg6 28. h4 Qf5 29. Qg5+ Qxg5 30. hxg5 b6 31. Rc1 Bb7 32. Rd7 Rab8 33. Bh5 Re7 34. Rxe7 Nxe7 35. Rc7 Ng6 36. f4 Be4 37. Rxa7 Rc8 38. Kf2 Rc2+ 39. Ke3 Bd5 40. Rd7 Rc8 41. a3 Bc6 42. Ra7 Bb5 43. Rb7 Bc6 44. Ra7 Bb5 45. b3 Re8 46. Bf3 Ne7 47. Rb7 Nf5+ 48. Kf2 Rc8 49. Be4 Nxh6 50. gxh6 Rd8 51. Rxb6 Be8 52. Rd6 Rb8 53. b4 1-0

[Event "Tuapse Blitz op"]
[Site "Tuapse"]
[Date "2022.06.29"]
[Round "9"]
[White "Tarasenko, Iaroslav"]
[Black "Grachev, Boris V"]
[Result "0-1"]
[WhiteElo "2091"]
[BlackElo "2619"]
[PlyCount "50"]
[EventDate "2022.06.29"]
[EventType "swiss (blitz)"]
[EventRounds "13"]
[EventCountry "RUS"]
[SourceTitle "CBM 209 Extra"]
[Source "ChessBase"]
[SourceDate "2022.09.30"]
[SourceVersion "1"]
[SourceVersionDate "2022.09.30"]
[SourceQuality "1"]

1. e4 c5 2. Nf3 e6 3. d4 cxd4 4. Nxd4 Nf6 5. Nc3 Nc6 6. Qd3 d5 7. exd5 exd5 8. Bg5 Be7 9. 0-0-0 0-0 10. Nf5 Bxf5 11. Qxf5 d4 12. Bxf6 Bxf6 13. Ne4 Be7 14. Bc4 g6 15. Qd5 Qc7 16. Kb1 Rad8 17. Qb5 a6 18. Qa4 b5 19. Qxa6 bxc4 20. Qxc4 Qb6 21. f4 Rb8 22. b3 Rbc8 23. Qa4 Ra8 24. Qc4 Rfc8 25. Qd3 Rxa2 0-1

[Event "Tuapse Rapid op"]
[Site "Tuapse"]
[Date "2022.06.26"]
[Round "2"]
[White "Tarasenko, Iaroslav"]
[Black "Lugovskoy, Maxim"]
[Result "0-1"]
[WhiteElo "2005"]
[BlackElo "2397"]
[PlyCount "70"]
[EventDate "2022.06.26"]
[EventType "swiss (rapid)"]
[EventRounds "11"]
[EventCountry "RUS"]
[SourceTitle "CBM 209 Extra"]
[Source "ChessBase"]
[SourceDate "2022.09.30"]
[SourceVersion "1"]
[SourceVersionDate "2022.09.30"]
[SourceQuality "1"]

1. e4 e6 2. d4 d5 3. Nd2 Nc6 4. Ngf3 Nf6 5. e5 Nd7 6. Be2 Be7 7. Nf1 0-0 8. Ne3 f6 9. exf6 Nxf6 10. 0-0 Bd6 11. c4 b6 12. a3 Bb7 13. b4 Ne4 14. Qb3 Rxf3 15. Bxf3 Nxd4 16. Qd1 Qh4 17. g3 Qf6 18. Bg2 Nf3+ 19. Qxf3 Qxa1 20. cxd5 exd5 21. Qg4 Qe5 22. Nf5 Rf8 23. Nxd6 Qxd6 24. Bf4 Qf6 25. Bxc7 Nd2 26. Rd1 Qxf2+ 27. Kh1 Qf7 28. Bf4 Ne4 29. Bxe4 dxe4 30. Rd7 e3+ 31. Kg1 e2 32. Kf2 Re8 33. Ke1 Qf6 34. Rc7 Bc6 35. Qg5 Qd4 0-1

[Event "Tuapse op"]
[Site "Tuapse"]
[Date "2022.06.24"]
[Round "8"]
[White "Tarasenko, Iaroslav"]
[Black "Nadjezhdin, Dmitry"]
[Result "1-0"]
[WhiteElo "2005"]
[BlackElo "2108"]
[PlyCount "97"]
[EventDate "2022.06.17"]
[EventType "swiss"]
[EventRounds "9"]
[EventCountry "RUS"]
[SourceTitle "CBM 209 Extra"]
[Source "ChessBase"]
[SourceDate "2022.09.30"]
[SourceVersion "1"]
[SourceVersionDate "2022.09.30"]
[SourceQuality "1"]

1. e4 c5 2. Nf3 d6 3. d4 cxd4 4. Nxd4 Nf6 5. f3 a6 6. c4 g6 7. Nc3 Bg7 8. Be3 0-0 9. Be2 Nc6 10. Qd2 Be6 11. Nxe6 fxe6 12. 0-0 Nd7 13. f4 Nf6 14. Rad1 Qa5 15. g4 Rfd8 16. g5 Nd7 17. f5 exf5 18. exf5 gxf5 19. Qc2 Qe5 20. Nd5 e6 21. Bf4 Qxb2 22. Qxb2 Bxb2 23. Nc7 e5 24. Nxa8 exf4 25. Nc7 Be5 26. Nd5 Nd4 27. Bh5 Nc5 28. Nxf4 Ne4 29. Nd5 Kg7 30. Ne7 f4 31. Kg2 f3+ 32. Bxf3 Nxf3 33. Rxf3 Nxg5 34. Rf5 Nf7 35. Rdf1 Nh6 36. R5f3 Rd7 37. Nd5 Ng4 38. Rb1 Nxh2 39. Rfb3 Kg6 40. Rxb7 Rd8 41. Rb8 Rxb8 42. Rxb8 Ng4 43. Ra8 Kf5 44. Rxa6 Ke4 45. Rc6 Kd3 46. a4 Bd4 47. a5 Ne5 48. Rc7 Nxc4 49. a6 1-0

[Event "Anapa Sea Harbor Cup"]
[Site "Anapa"]
[Date "2021.06.08"]
[Round "7"]
[White "Tarasenko, Iaroslav"]
[Black "Gabrielian, Artur"]
[Result "0-1"]
[WhiteElo "1960"]
[BlackElo "2456"]
[PlyCount "42"]
[EventDate "2021.06.02"]
[EventType "swiss"]
[EventRounds "9"]
[EventCountry "RUS"]
[SourceTitle "CBM 202 Extra"]
[Source "ChessBase"]
[SourceDate "2021.07.31"]
[SourceVersion "1"]
[SourceVersionDate "2021.07.31"]
[SourceQuality "1"]

1. e4 c5 2. Nf3 Nc6 3. Bb5 g6 4. Bxc6 dxc6 5. h3 e5 6. d3 f6 7. 0-0 Nh6 8. c3 Nf7 9. Be3 g5 10. Nh2 h5 11. d4 cxd4 12. cxd4 g4 13. hxg4 hxg4 14. Nxg4 exd4 15. Bxd4 Bxg4 16. Qxg4 Qxd4 17. Rd1 f5 18. Qf3 Qxe4 19. Qc3 Bb4 20. Qb3 Qh4 21. Kf1 Kf8 0-1

[Event "Moscow op-A 17th"]
[Site "Moscow"]
[Date "2021.02.26"]
[Round "7"]
[White "Zakaryan, David"]
[Black "Tarasenko, Iaroslav"]
[Result "1-0"]
[WhiteElo "2335"]
[BlackElo "2060"]
[PlyCount "53"]
[EventDate "2021.02.20"]
[EventType "swiss"]
[EventRounds "9"]
[EventCountry "RUS"]
[SourceTitle "CBM 200 Extra"]
[Source "ChessBase"]
[SourceDate "2021.03.31"]
[SourceVersion "1"]
[SourceVersionDate "2021.03.31"]
[SourceQuality "1"]

1. e4 c5 2. Nf3 d6 3. d4 cxd4 4. Nxd4 Nf6 5. Nc3 a6 6. Bg5 Nbd7 7. f4 Qc7 8. Qf3 h6 9. Bxf6 Nxf6 10. f5 Qc5 11. 0-0-0 g5 12. e5 dxe5 13. Ndb5 axb5 14. Bxb5+ Bd7 15. Rxd7 Nxd7 16. Bxd7+ Kd8 17. Rd1 Kc7 18. b4 Qc4 19. Qe3 Bg7 20. Bb5 Qg4 21. Rd7+ Kb8 22. Qb6 Qxg2 23. Qc7+ Ka7 24. Bc6 Qg1+ 25. Kb2 Qb6 26. Nb5+ Ka6 27. Bxb7+ 1-0

[Event "Moscow op-A 17th"]
[Site "Moscow"]
[Date "2021.02.22"]
[Round "3"]
[White "Boktaev, Adyan"]
[Black "Tarasenko, Iaroslav"]
[Result "1-0"]
[WhiteElo "1808"]
[BlackElo "2060"]
[PlyCount "91"]
[EventDate "2021.02.20"]
[EventType "swiss"]
[EventRounds "9"]
[EventCountry "RUS"]
[SourceTitle "CBM 200 Extra"]
[Source "ChessBase"]
[SourceDate "2021.03.31"]
[SourceVersion "1"]
[SourceVersionDate "2021.03.31"]
[SourceQuality "1"]

1. d4 Nf6 2. c4 g6 3. Nc3 Bg7 4. e4 d6 5. Nf3 0-0 6. h3 e5 7. d5 Nh5 8. g3 f5 9. exf5 gxf5 10. Bg5 Qe8 11. Qd2 f4 12. g4 e4 13. 0-0-0 exf3 14. gxh5 Qxh5 15. Rg1 Bf5 16. Bxf4 Nd7 17. Bh6 Bg6 18. Bxg7 Kxg7 19. Bd3 Ne5 20. Bxg6 hxg6 21. b3 Qf5 22. Nb5 Qd7 23. Nd4 Rf6 24. h4 Rh8 25. Qg5 Kf7 26. Ne6 Rxe6 27. dxe6+ Qxe6 28. Qe3 b6 29. Rd4 Rh5 30. Rg5 Rxg5 31. hxg5 Qf5 32. Kb2 Kg7 33. Ka3 Nf7 34. Rf4 Qa5+ 35. Kb2 Ne5 36. Rd4 Nf7 37. Rd5 c5 38. Qxf3 Qe1 39. Qc3+ Qxc3+ 40. Kxc3 a5 41. f4 Kf8 42. Rd1 Ke7 43. Re1+ Kd7 44. Kd3 Nd8 45. Rh1 Ne6 46. Ke4 1-0